01012cam a2200241 a 450000100100000000500170001000800410002704000250006808200260009324501890011925000110030826000370031930000210035650000210037765000330039865000350043170000510046670000340051770000430055170000320059495201290062699900150075500000255720200929150219.0781228s1978 cr 001 p spa  aDO-SdBNPbspacBNPHU aCR861.44bP745c, 197800aPoesía contemporánea de Costa Rica :bantología /cselección y prólogo, Carlos Rafael Duverrán ; colaboradores, Laureano Alban, Carlos Luis Altamirano, Arturo Montero Vega. a2a ed. aSan José :bCosta Rica,c1978. a443 p. ;c21 cm. aIncluye índice 4aPoesía costarricense95301 4aLiteratura costarricense933321 aDuverrán, Carlos Rafael.d1935-eprol.980541 aAlban, Laureano.d1942-980551 aAltamirano, Carlos Luis.d1876 -980561 aMontero Vega, Arturo.98057 001052708MOaGRbGRcCTd2009-07-14iLF1l0oCR861.44 P745c, 1978p2557-10r2020-06-25w2020-06-25y2ZPréstamo interno c2393d2393